00542nam a2200145Ia 4500008004100000020001800041041000800059082001500067100007700082245012200159250000600281260006400287300001300351650003200364210716s2015 xx 000 0 und d a9780070666986 aeng a658.7 SIMD aSimchi Levi, David; Kaminsky, Philip; Simchi Levi, Edith; Shankar, Ravi. aDesigning and managing the supply chain: concepts strategies and case studies.bConcepts strategies and case studies. a3 aNew DelhibTata McGraw Hill Education Private Limitedc2015 axxix,531 aMaterials Management(658.7)